[Event "ZI-2013-0-01561"]
[Site "LSS email"]
[Date "2013.03.05"]
[Round "?"]
[White "Gajic, Sladjan"]
[Black "Rattay, Walter"]
[Result "1-0"]
[WhiteElo "1911"]
[BlackElo "1802"]
[PlyCount "55"]
[EventDate "2013.02.28"]
[EventType "match (corr)"]
[EventRounds "2"]
[EventCountry "GER"]
[SourceTitle "Telechess CBM 159"]
[Source "ChessBase"]
[SourceDate "2014.03.17"]
[SourceVersion "1"]
[SourceVersionDate "2014.03.17"]
[SourceQuality "1"]

1. e4 c5 2. Nf3 d6 3. d4 cxd4 4. Nxd4 Nf6 5. Nc3 a6 6. Bg5 e6 7. f4 Be7 8. Qf3 Qc7 9. 0-0-0 Nbd7 10. g4 b5 11. Bxf6 Nxf6 12. g5 Nd7 13. f5 Ne5 14. Qg3 Bd7 15. Bh3 b4 16. Nce2 exf5 17. exf5 h6 18. gxh6 Rxh6 19. Qxg7 Bf8 20. Qg5 Rc8 21. Nf4 Qd8 22. Qg3 Qh4 23. Qe3 Rh8 24. Kb1 Qg5 25. Rdf1 Be7 26. Rhg1 Nc4 27. Qd3 Qh6 28. Bg2 1-0

[Event "SA-2012-0-00319"]
[Site "LSS email"]
[Date "2012.12.12"]
[Round "?"]
[White "Ramponelli, Roberto"]
[Black "Rattay, Walter"]
[Result "1-0"]
[WhiteElo "2116"]
[BlackElo "1803"]
[PlyCount "65"]
[EventDate "2012.11.24"]
[EventType "tourn (corr)"]
[EventRounds "6"]
[EventCountry "GER"]
[SourceTitle "Telechess CBM 161"]
[Source "ChessBase"]
[SourceDate "2014.07.16"]
[SourceVersion "1"]
[SourceVersionDate "2014.07.16"]
[SourceQuality "1"]

1. e4 c5 2. Nf3 d6 3. d4 cxd4 4. Nxd4 Nf6 5. Nc3 a6 6. Bg5 e6 7. f4 Qb6 8. Qd2 Be7 9. e5 dxe5 10. fxe5 Nd5 11. Nxd5 exd5 12. Bxe7 Kxe7 13. Qg5+ Kf8 14. 0-0-0 Nc6 15. e6 f6 16. Qh5 g6 17. Qh6+ Kg8 18. Nxc6 Qxc6 19. Bd3 Bxe6 20. Bxg6 Bg4 21. Bh5 Bxh5 22. Qxh5 Rc8 23. c3 Kg7 24. Rd4 Rhg8 25. Rh4 Kf8 26. Qh6+ Rg7 27. Rg4 Qd7 28. Qxf6+ Qf7 29. Qd6+ Kg8 30. Rxg7+ Kxg7 31. Re1 Rc6 32. Qe5+ Rf6 33. Rf1 1-0